[Event "WchT Seniors 50"]
[Site "Radebeul"]
[Date "2016.07.03"]
[Round "8.12"]
[White "Doering, Hans Ulrich"]
[Black "Wolf, Sylvia"]
[Result "1/2-1/2"]
[WhiteElo "2131"]
[BlackElo "2034"]
[PlyCount "78"]
[EventDate "2016.06.26"]
[EventType "team-swiss"]
[EventRounds "9"]
[EventCountry "GER"]
[SourceTitle "CBM 173 Extra"]
[Source "ChessBase"]
[SourceDate "2016.08.29"]
[SourceVersion "1"]
[SourceVersionDate "2016.08.29"]
[SourceQuality "1"]
[WhiteTeam "Eiche Reichenbrand"]
[BlackTeam "Germany (Women)"]
[WhiteTeamCountry "GER"]
[BlackTeamCountry "GER"]

1. d4 Nf6 2. Nf3 e6 3. Bf4 d6 4. e3 g6 5. c4 Bg7 6. h3 0-0 7. Nc3 b6 8. Be2 Bb7 9. 0-0 Nbd7 10. b4 Ne4 11. Nxe4 Bxe4 12. Qb3 Qe7 13. Rfe1 Rac8 14. Rad1 e5 15. Bg5 Qe8 16. Bh4 Kh8 17. Bg3 Bxf3 18. Bxf3 e4 19. Be2 Qe6 20. Qa4 f5 21. Qxa7 g5 22. c5 f4 23. Bg4 Qf7 24. exf4 gxf4 25. Bh4 h5 26. Bxd7 Qxd7 27. cxb6 f3 28. Rxe4 fxg2 29. Kxg2 Qf5 30. Rde1 Qf3+ 31. Kh2 Bh6 32. Bg3 Ra8 33. Qxa8 Rxa8 34. Re8+ Rxe8 35. Rxe8+ Kh7 36. bxc7 h4 37. Re7+ Kg6 38. c8Q hxg3+ 39. fxg3 Qf2+ 1/2-1/2

[Event "WchT Seniors 50"]
[Site "Radebeul"]
[Date "2016.06.29"]
[Round "4.3"]
[White "Doering, Hans Ulrich"]
[Black "Wilke, Frank"]
[Result "1-0"]
[WhiteElo "2131"]
[BlackElo "1920"]
[PlyCount "139"]
[EventDate "2016.06.26"]
[EventType "team-swiss"]
[EventRounds "9"]
[EventCountry "GER"]
[SourceTitle "CBM 173 Extra"]
[Source "ChessBase"]
[SourceDate "2016.08.29"]
[SourceVersion "1"]
[SourceVersionDate "2016.08.29"]
[SourceQuality "1"]
[WhiteTeam "Eiche Reichenbrand"]
[BlackTeam "Zeitz Schachfreunde"]
[WhiteTeamCountry "GER"]
[BlackTeamCountry "GER"]

1. d4 e6 2. Nf3 d5 3. Bf4 c5 4. e3 Nc6 5. c3 a6 6. Nbd2 Bd6 7. Bg3 Nge7 8. Bd3 cxd4 9. exd4 Ng6 10. 0-0 Nf4 11. Bc2 Qc7 12. Re1 0-0 13. Ne5 Ng6 14. Ndf3 Ncxe5 15. dxe5 Be7 16. h4 Rd8 17. h5 Nf8 18. Nd4 Bg5 19. Qg4 Qe7 20. f4 Bh6 21. Bh4 Qc7 22. Bxd8 Qxd8 23. g3 f5 24. exf6 Qxf6 25. Qf3 Bd7 26. Re5 g5 27. Qg4 Kh8 28. Rf1 gxf4 29. gxf4 Re8 30. Rg5 Bxg5 31. fxg5 Qe5 32. g6 hxg6 33. hxg6 Qe3+ 34. Kg2 Kg8 35. Rf3 Qd2+ 36. Rf2 Qh6 37. Qf3 Re7 38. Kf1 Be8 39. Qf6 Qg7 40. Qg5 Nxg6 41. Rg2 Rf7+ 42. Kg1 Rf6 43. Rg3 Qf7 44. Bxg6 Rxg6 45. Qxg6+ Qxg6 46. Rxg6+ Bxg6 47. Nxe6 Bf5 48. Nf4 Be4 49. Kf2 Kf7 50. Ke3 Kf6 51. Kd4 Bb1 52. a3 Ba2 53. Nxd5+ Ke6 54. Nb4 Bb3 55. Kc5 Kd7 56. Kb6 Kc8 57. Nd3 Kb8 58. Nc5 Bd5 59. b4 Bf3 60. a4 Bd5 61. c4 Bxc4 62. Nxb7 Be2 63. Nc5 Bf1 64. Nxa6+ Ka8 65. a5 Be2 66. Nc7+ Kb8 67. a6 Bf3 68. a7+ Kc8 69. a8Q+ Bxa8 70. Nxa8 1-0

[Event "WchT Seniors 50"]
[Site "Radebeul"]
[Date "2016.06.26"]
[Round "1.3"]
[White "Hoffmann, Uwe"]
[Black "Doering, Hans Ulrich"]
[Result "1/2-1/2"]
[WhiteElo "1943"]
[BlackElo "2131"]
[PlyCount "55"]
[EventDate "2016.06.26"]
[EventType "team-swiss"]
[EventRounds "9"]
[EventCountry "GER"]
[SourceTitle "CBM 173 Extra"]
[Source "ChessBase"]
[SourceDate "2016.08.29"]
[SourceVersion "1"]
[SourceVersionDate "2016.08.29"]
[SourceQuality "1"]
[WhiteTeam "Radebeul Chemie"]
[BlackTeam "Eiche Reichenbrand"]
[WhiteTeamCountry "GER"]
[BlackTeamCountry "GER"]

1. c4 Nf6 2. g3 c6 3. Bg2 d5 4. Nf3 g6 5. d4 dxc4 6. a4 Bg7 7. Na3 Bf5 8. Nxc4 0-0 9. 0-0 Qc8 10. Re1 Na6 11. Bd2 Ne4 12. Be3 Nd6 13. Nce5 Nb4 14. Rc1 Nd5 15. Bd2 Be4 16. e3 f6 17. Nc4 Qd7 18. Nxd6 exd6 19. Ne5 dxe5 20. Bxe4 exd4 21. exd4 f5 22. Bg2 Bxd4 23. Bh6 Bg7 24. Bxg7 Kxg7 25. Bxd5 Qxd5 26. Qxd5 cxd5 27. Red1 Rad8 28. Rc5 1/2-1/2